| 000 | 00703nam a2200193 4500 | ||
|---|---|---|---|
| 003 | - | ||
| 005 | 20260508204555.0 | ||
| 008 | - | ||
| 020 | _aISBN 978-9968-03-890-4 | ||
| 040 |
_aBiblioteca LadoV Teorética _bspa _cBiblioteca LadoV Teorética _erda |
||
| 082 | 0 | 4 |
_a862.44 _bA668s |
| 100 | 1 |
_aArce Arias, Cristina _eautora |
|
| 245 | 1 | 0 |
_aSoldado inmortal / _cpor Cristina Arce |
| 260 | 1 |
_aCosta Rica : _bImprenta Nacional Costa Rica, _c2024 |
|
| 300 |
_a83 páginas : _btexto ; _c21 x 13 cm. |
||
| 500 | _aObra ganadora del Concurso Nacional de Dramaturgia Inédita de la Campaña Nacional de Teatro - CID en la categoría de Obra Larga - 2023. | ||
| 650 | 4 | _aTeatro Costarricense | |
| 942 |
_2ddc _c1 _n0 |
||
| 999 |
_c4660 _d4660 |
||